| 000 | 00995nam0a22002651 4500 | ||
|---|---|---|---|
| 001 | rc\641484 | ||
| 005 | 20031121164730.1 | ||
| 035 | _a(NLR Aleph) 005882713 | ||
| 090 |
_a6094866 _c6094866 |
||
| 100 | _a20031121d1986 u |0rusy50 ca | ||
| 101 | 0 | _arus | |
| 102 | _aRU | ||
| 105 | _aa ||||||||| | ||
| 200 | 1 |
_aПОВЕДЕНИЕ коэффициента усиления фотоэлектронного умножителя ФЭУ-49 Б при переменной загрузке _fА.С. Ежов, В.А. Запевалов, В.А. Кузнецов и др. _g[Науч. ред. Г.М. Гуревич] |
|
| 210 |
_aМ. _cИЯИ _d1986 |
||
| 215 |
_a8 с. _cил. _d29 |
||
| 225 | 1 |
_aПрепринт _fАН СССР, Ин-т ядер. исслед. _vП-0495 |
|
| 320 | _aБиблиогр.: с. 8 | ||
| 701 | 1 |
_aЕжов _bА. С. |
|
| 702 | 1 |
_aГуревич _bГ. М. _4340 |
|
| 801 | 0 |
_aRU _bNLR _gpsbo |
|
| 801 | 1 |
_aRU _bELAR _2rusmarc |
|
| 852 |
_aNLR _j87-8/1345 |
||
| 942 | _cBOOK | ||
| 980 | _aNB | ||